000 00524nam a2200217Ia 4500
005 20250425162730.0
008 250425s9999 xx 000 0 und d
020 _a9978621245
041 _aspa
082 _a808.8023
100 _aFREIRE GUEVARA, ENRIQUE
245 0 _aARCHIPIELAGO DEL LLANTO
250 _a1A. ED.
260 _aEcuador
_bCASA DE LA CULTURA BENJAMIN CARRION
_c1999
260 _aQUITO
300 _a233
650 _aISLAS GALAPAGOS
650 _aNARRACION
942 _c01
010 _a103871
999 _c235313
_d235313